000 01295aam a2200361 i 4500
999 _c31687
_d31687
001 768714001
003 CO-MdFUSB
005 20200630095121.0
007 ta
008 160531t1978 sp f |||| 00| 0 spa d
020 _a8470572377
040 _aCO-MdFUSB
_bEspañol
_cCO-MdFUSB
_dCO-MdFUSB
_erda
041 0 _aeng
_hger
082 0 4 _223
_aR 221.3
_bB7513d
240 _aTheologisches Wörterbuch zum Alten Testament
245 0 0 _aDiccionario teológico del Antiguo Testamento
_c/ dirigido por G. Johannes Botterweck, Helmer Ringgren ; traducido por Alfonso de la Fuente Adanez
264 1 _aMadrid, España
_bEdiciones Cristiandad,
_c[1978]
264 4 _c© 1978
300 _a1100Pag.
_c; 26 cm
336 _2rdacontent
_atexto
_btxt
337 _2rdamedia
_asin mediación
_bn
338 _2rdacarrier
_avolumen
_bnc
500 _aTítulo original : Theologisches Wörterbuch zum Alten Testament
505 _aDiccionario teológico del Antiguo Testamento
563 _aRústico
630 0 7 _aBiblia.
_pAntiguo Testamento
700 _94474
_aBotterweck, G. Johannes ‎
_edirector
700 _94475
_aRinggren, Helmer,
_edirector
700 _94476
_aFuente Adánez, Alfonso de la.
_etraductor
942 _cREF
945 _aJTF-925